000 00703nam a2200229Ia 4500
003 OSt
005 20220923212302.0
006 a|||||r|||| 00| 0
007 ta
008 220922b |||||||| |||| 00| 0 hin d
024 _a151,980
037 _cTextual
040 _aARTS
_cARTS
_bhin
041 _2hin
_ahin
082 _a/\2, 152J2
100 _aसरस्वती, सच्चिदानन्द
245 0 _aप्रेम के फूल
_b रचना में गति
246 _aPrem ke fūla: rachanā mean gati
260 _c1952
942 _h/\2, 152J2
_cTEXL
_2CC
999 _c307653
_d307653